दादाजी की अंतरिक्ष-यात्रा / (Record no. 198714)
[ view plain ]
| 000 -LEADER | |
|---|---|
| fixed length control field | 00921nam a22001937a 4500 |
| 005 - DATE AND TIME OF LATEST TRANSACTION | |
| control field | 20231005165920.0 |
| 010 ## - LCCN (DPL NO) | |
| LC control number | B-755699 CHHN 23.8.23 |
| 020 ## - INTERNATIONAL STANDARD BOOK NUMBER | |
| International Standard Book Number | 9789392692260 |
| Terms of availability | 150.00 |
| 035 ## - SYSTEM CONTROL NUMBER | |
| System control number | B-755699 |
| 037 ## - SOURCE OF ACQUISITION | |
| Source of stock number/acquisition | सहित्यागार |
| 082 ## - DEWEY DECIMAL CLASSIFICATION NUMBER | |
| Classification number | 523 |
| 100 ## - MAIN ENTRY--PERSONAL NAME | |
| Personal name | शर्मा, गोविन्द |
| 245 ## - TITLE STATEMENT | |
| Title | दादाजी की अंतरिक्ष-यात्रा / |
| Statement of responsibility, etc | गोविन्द शर्मा |
| 260 ## - PUBLICATION, DISTRIBUTION, ETC. (IMPRINT) | |
| Place of publication, distribution, etc | जयपुर |
| Name of publisher, distributor, etc | सहित्यागार |
| Date of publication, distribution, etc | 2022 |
| 270 ## - ADDRESS | |
| Address | धामानी मार्किट की गली चौड़ा रास्ता |
| City | जयपुर |
| Postal code | 302003 |
| 300 ## - PHYSICAL DESCRIPTION | |
| Extent | 56पृष्ठ |
| Dimensions | 25सेमी.(सजिल्द) |
| 942 ## - ADDED ENTRY ELEMENTS (KOHA) | |
| Source of classification or shelving scheme | Dewey Decimal Classification |
| Item type | Children Books |
| Call number suffix | शर्मागो |
| Classification part | 523 |
| Withdrawn status | Lost status | Not for loan | Collection code | Home library | Current library | Date acquired | Source of acquisition | Cost, normal purchase price | Full call number | Barcode | Copy number | Cost, replacement price | Koha item type |
|---|---|---|---|---|---|---|---|---|---|---|---|---|---|
| Non-fiction | Patel Nagar | Patel Nagar | 05/10/2023 | उपहार/23.8.23 | 150.00 | शर्मागो 523 | B-755699 | 1 | 150.00 | Children Books |
